Nepriama komunikácia a jazyk politiky
Charakteristika, znaky a pôsobenie nepriamej komunikácie. Politická komunikácia a jazyk, ktorý je pre ňu typický. Politická korektnosť, ktorá je špecifickým znakom politickej komunikácie.
Salvato in:
| Autore principale: | |
|---|---|
| Altri autori: | |
| Natura: | Capitolo di libro |
| Lingua: | slovacco |
| Soggetti: | |
| Tags: |
Nessun Tag, puoi essere il primo ad aggiungerne!!
|
MARC
| LEADER | 00000nla a2200000 4500 | ||
|---|---|---|---|
| 001 | 0160516 | ||
| 005 | 20241023141352.0 | ||
| 041 | 0 | |a slo | |
| 044 | |a SK | ||
| 245 | 1 | 0 | |a Nepriama komunikácia a jazyk politiky |c Ľubomíra Kozlová, Zuzana Kočišová |
| 520 | |a Charakteristika, znaky a pôsobenie nepriamej komunikácie. Politická komunikácia a jazyk, ktorý je pre ňu typický. Politická korektnosť, ktorá je špecifickým znakom politickej komunikácie. | ||
| 610 | 2 | 0 | |a jazyk štátny |
| 610 | 2 | 0 | |a komunikácia |
| 610 | 2 | 0 | |a politika |
| 610 | 2 | 0 | |a kultúra |
| 610 | 2 | 0 | |a kultúra politická |
| 610 | 2 | 0 | |a spoločnosť |
| 100 | 1 | |a Kozlová, Ľubomíra, 1952- | |
| 700 | 1 | |a Kočišová, Zuzana, 1956- | |